000 00666cam a22002413a 4500
001 4202
003 PGUSA
005 20140828083050.0
008 030701s2003||||xxu|||||s|||||000 | eng d
040 _aPGUSA
_beng
042 _adc
050 4 _aDA
100 1 _aPepys, Samuel,
_d1633-1703
245 1 0 _aQuotations from Diary of Samuel Pepys
_h[electronic resource] /
_cSamuel Pepys
260 _bProject Gutenberg,
_c2003
506 _aPublic domain in the USA.
516 _aElectronic text
653 _aQuotations
700 1 _aWidger, David,
_d1932-
830 0 _aProject Gutenberg
_v4202
856 4 0 _uhttp://www.gutenberg.org/ebooks/4202
942 _cEB
999 _c233531
_d233531